00479 a2200121 4500082001200000100002100012245006600033260008200099300004600181500005300227700002000280856005700300 aBICSE-2 a M. Harris Ghaus aSimulation of Adaptive OFDM [Project BICSE2]cM. Harris Ghaus a Islamabad,bNUST School of Electrical Engineering & Computer Science,c2008. a viii, 74 pb : ill.c; 27 cm. +e CD-ROM aSupervisors : Ms. Khalida Noori, Mr. Sami Ahmad. aObaid ur Rehman uhttp://10.250.8.41:8080/xmlui/handle/123456789/10735